| 000 | 00000nam##2200000za#4500 |
| 001 | 9.699303 |
| 003 | CaOODSP |
| 005 | 20210625000323 |
| 007 | cr ||||||||||| |
| 008 | 150407|2001||||xxc|||||o f|0| 0 eng|d |
| 040 | |aCaOODSP|beng |
| 043 | |an-cn--- |
| 086 | 1 |aJS42-96/2001E-PDF |
| 110 | 1 |aCanada. |bSolicitor General Canada. |
| 245 | 10|aAge and sexual recidivism : |h[electronic resource]|ba comparison of rapists and child molesters / |cBy R. Karl Hanson. |
| 260 | |aOttawa - Ontario : |bSolicitor General Canada |c2001. |
| 300 | |a29p.|bgraphs, references, tables |
| 500 | |aThe Cat. No. (JS42-96/2001) and ISBN (0-662-65737-3) of the bilingual print edition have been incorrectly copied in the PDF edition. |
| 590 | |a14-10-Supp|b2014-05-08 |
| 775 | 08|tL'âge et la récidive sexuelle : |w(CaOODSP)9.643282 |
| 856 | 40|ahttp://publications.gc.ca|qPDF|s106 KB|uhttps://publications.gc.ca/collections/collection_2014/sp-ps/JS42-96-2001-eng.pdf |